header

Dependence modeling (Record no. 118325)

MARC details
000 -LEADER
fixed length control field 01271nam a2200325 a 4500
245 00 - TITLE STATEMENT
Title Dependence modeling
260 ## - PUBLICATION, DISTRIBUTION, ETC. (IMPRINT)
Place of publication Hackensack, N.J. :
Name of publisher World Scientific,
Year of publication 2011.
300 ## - PHYSICAL DESCRIPTION
Number of Pages viii, 360 p. :
Other physical details ill.
650 #0 - SUBJECT ADDED ENTRY--TOPICAL TERM
Topical Term Copulas (Mathematical statistics)
Topical Term Dependence (Statistics)
Topical Term Distribution (Probability theory)
700 1# - ADDED ENTRY--PERSONAL NAME
Personal name Kurowicka, Dorota.
Personal name Joe, Harry.
856 40 - ELECTRONIC LOCATION AND ACCESS
Uniform Resource Identifier http://site.ebrary.com/lib/rucke/Doc?id=10480285

No items available.

© 2026 Rongo University
Contact us: librarian | system librarian | Rongo university